| 000 | 00987nam a2200313 i 4500 | ||
|---|---|---|---|
| 001 | 016236378 | ||
| 003 | EG-ScBUE | ||
| 005 | 20230216070025.0 | ||
| 008 | 121219s2013 enka f bd 001 0 eng d | ||
| 020 | _a9781137289254 (pbk.) | ||
| 040 |
_aStDuBDS _beng _erda _cStDuBDS _dUk _dEG-ScBUE |
||
| 082 | 0 | 4 |
_a378.170281 _bCOT _222 |
| 100 | 1 |
_aCottrell, Stella, _eauthor. _938025 |
|
| 245 | 1 | 4 |
_aThe study skills handbook / _cStella Cottrell. |
| 250 | _aFourth edition. | ||
| 264 | 1 |
_aHampshire : _bPalgrave Macmillan Ltd., _c2013. |
|
| 300 |
_avi, 426 pages : _bcolor illustrations ; _c25 cm. |
||
| 336 |
_2rdacontent _atext _btxt |
||
| 337 |
_2rdamedia _aunmediated _bn |
||
| 338 |
_2rdacarrier _avolume _bnc |
||
| 490 | 0 | _aPalgrave study skills | |
| 500 | _aIncludes glossary. | ||
| 504 | _aIncludes bibliographical references and index. | ||
| 650 | 7 |
_aStudy skills. _2BUEsh _914009 |
|
| 651 | _2BUEsh | ||
| 653 |
_bBUSADM _cOctober2015 |
||
| 655 | _vText book | ||
| 942 |
_2ddc _cBB |
||
| 999 |
_c20899 _d20871 |
||